Hay obligación moral de obedecer al derecho

Guardat en:
Dades bibliogràfiques
Autor principal: Suárez Villegas, Juan Carlos (Autor)
Format: Llibre
Idioma:espanyol
Publicat: Madrid Tecnos 1996
Col·lecció:Colección Derecho, Cultura y Sociedad
Matèries:
Etiquetes: Afegir etiqueta
Sense etiquetes, Sigues el primer a etiquetar aquest registre!

MARC

LEADER 00000nam a2200000 a 4500
001 UCP4775
003 CL-VaPUC
008 990813e19960000SP |||||||||||||||||spa|d
082 0 4 |a 340.115  |b SUA  |2 21 
100 0 |a Suárez Villegas, Juan Carlos  |e author  |9 432654 
245 1 0 |a Hay obligación moral de obedecer al derecho 
300 |a 116 p 
942 |c BK 
945 |d 19990813 00:00:00  |a vberengu 
260 |a Madrid  |b Tecnos  |c 1996 
600 0 7 |a FINNIS, J  |2 CL-VaPUC  |9 432655 
650 0 |a Autoridad   |9 257105 
650 0 |a Bien común   |9 346393 
650 0 |a Derechos humanos  |9 223025 
650 0 |a Libertad  |9 255686 
650 7 |a OBEDIENCIA  |2 CL-VaPUC  |9 376616 
650 0 |a Obligaciones   |9 255578 
650 0 |a Positivismo jurídico  |9 255992 
583 |a last modification  |c 19990813 00:00:00  |k Rodrigo Vera 
490 0 |a Colección Derecho, Cultura y Sociedad 
999 |c 282673  |d 282671 
952 |0 0  |1 0  |4 0  |6 340_115000000000000_SUA_1996  |7 0  |8 DER_TF  |9 324744  |a BIBDER  |b BIBDER  |d 2019-11-20  |i 3539261  |o 340.115 SUA 1996  |p 3539261  |r 2023-01-25  |w 2019-11-20  |x Ubicación 4to Piso  |y BK  |z Estos recursos deben solicitarse con anticipación  |k DER